000 00358nam a2200145 i 4500
001 bg
100 1 _aBELASCENKO, D. K.
245 0 _aIssledovanie rasplavov metodom elektroperenosa /
_cD.K. Belascenko.
260 _aMoskva,
_c1974.
040 _cBPK
041 _apol
080 _a669:621.315
942 _cKS
008 s pl f |000 0 pol
999 _c26311
_d26311
856 _uhttp://koha.tu.koszalin.pl/cgi-bin/koha/opac-detail.pl?biblionumber=26311
_yKatalog online BPK